000 00689nam a2200193Ia 4500
008 151121s9999||||xx |||||||||||||| ||und||
082 _a813/टाकळ
082 _bHNW-113699
100 _aटाकळकर मीना - अनु
245 _aद प्राइस ऑफ लव्ह
260 _b"मेहता पब्लिशिंग हाऊस, पुणे।"
260 _c2013
300 _a204
600 _aटाकळकर मीना - अनु
630 _aद प्राइस ऑफ लव्ह
700 _aटाकळकर मीना - अनु
730 _aद प्राइस ऑफ लव्ह
942 _cBOOK
999 _c1262778
_d1262775